000
00201nam a2200097Ia 4500
008
220204s9999 xx 000 0 und d
082
_a
82-3
_b
MAT
100
_a
Anne
245
0
_a
River room
942
_c
BK
999
_c
32453
_d
32453